| 000 | 00739nam a2200181Ia 4500 | ||
|---|---|---|---|
| 008 | 151202s9999||||xx |||||||||||||| ||und|| | ||
| 082 | _bPNVM-34777 | ||
| 100 | _aजावडेकर मुरलीार. | ||
| 245 | _aसाहित्यातील प्रीती आणि भक्ती. | ||
| 260 | _b"नुतन प्रकाशन,पुणे." | ||
| 260 | _c1970 | ||
| 300 | _a259 | ||
| 600 | _aजावडेकर मुरलीार. | ||
| 630 | _aसाहित्यातील प्रीती आणि भक्ती. | ||
| 700 | _aजावडेकर मुरलीार. | ||
| 730 | _aसाहित्यातील प्रीती आणि भक्ती. | ||
| 942 | _cBOOK | ||
| 999 |
_c1300733 _d1300730 |
||